000 00753cam a22002533a 4500
001 20381
003 PGUSA
005 20140828083430.0
008 070116s2007||||xxu|||||s|||||000 1 eng d
040 _aPGUSA
_beng
042 _adc
050 4 _aPR
100 1 _aBedford, H. Louisa
245 1 4 _aThe Village by the River
_h[electronic resource] /
_cH. Louisa Bedford
260 _bProject Gutenberg,
_c2007
506 _aPublic domain in the USA.
516 _aElectronic text
653 _aEngland -- Social life and customs -- Fiction
653 _aVillages -- England -- Fiction
700 1 _aStacey, W. S.
_q(Walter S.),
_d1846-1929
830 0 _aProject Gutenberg
_v20381
856 4 0 _uhttp://www.gutenberg.org/ebooks/20381
942 _cEB
999 _c249636
_d249636